Mixed Word: Italy Quiz Stats

Quiz Updated Nov 2, 2017

Also try: Word Ladder: Italy
Challenge
Share
Tweet
Embed
Score 0/16 Timer 04:00
2 Plays Today
Scrambled Term Italian Term % Correct
ISCILYSicily
98.4%
PLANESNaples
66.1%
NUTOM SIUVVESUMount Vesuvius
63.3%
AEGINNL EWROTLeaning Tower
57.9%
CRATAIDI EASAdriatic Sea
52.4%
OELTAGGelato
48%
LAZERZOAMLMozzarella
46.4%
COMOSLESUColosseum
40.9%
Scrambled Term Italian Term % Correct
TEBNIO OUIISMLNSBenito Mussolini
38.8%
THANICIChianti
33.3%
NLFECEORFlorence
29.8%
RAIREFRFerrari
27.1%
UACTSYNTuscany
26.7%
OGIELAL LEGIALIGalileo Galilei
18.9%
DIANSIRASardinia
16%
SPAINNENEApennines
8.9%

You're not logged in!

Compare scores with friends on all Sporcle quizzes.
Sign Up with Email
OR
Log In

You Might Also Like...

Show Comments

Extras

Top Quizzes Today


Score Distribution

Your Account Isn't Verified!

In order to create a playlist on Sporcle, you need to verify the email address you used during registration. Go to your Sporcle Settings to finish the process.